000 00583nam a22002297a 4500
003 UA-OsUOA
001 86575
007 ta
008 20120906b un ||||| |||| 00| 0 ukr d
100 _aЛавров Н. М.
090 _a94(72)
_bЛ13
942 _cBK
040 _aUA-OsUOA
_brus
_cUA-OsUOA
_dUA-OsUOA
245 _aМексиканская революция
300 _a289 с.
955 _a1
041 _arus
080 _a94(72)
260 _aМ.
_bНаука
_c1972
650 7 _a9 Географія. Біографії. Історія
_2UDC
999 _c372684
_d372684